Government Response to the Committee of Public Accounts on the Fifth report and the Tenth to the Seventeenth reports from Session 2024-25 (Record no. 122164)
[ view plain ]
| 000 -LEADER | |
|---|---|
| fixed length control field | 01117nam a22002417a 4500 |
| 008 - FIXED-LENGTH DATA ELEMENTS--GENERAL INFORMATION | |
| fixed length control field | 250516s2025 xxk|||||o||||o00| 0 eng d |
| 020 ## - INTERNATIONAL STANDARD BOOK NUMBER | |
| ISBN | 9781528657211 |
| 041 ## - LANGUAGE CODE | |
| Language code of text/sound track or separate title | eng |
| 110 2# - MAIN ENTRY--CORPORATE NAME | |
| Corporate author | United Kingdom |
| 245 ## - TITLE STATEMENT | |
| Title | Government Response to the Committee of Public Accounts on the Fifth report and the Tenth to the Seventeenth reports from Session 2024-25 |
| Subtitle | Treasury Minutes |
| Medium | [Electronic resource] |
| 260 ## - PUBLICATION INFORMATION | |
| Place of publication | United Kingdom, |
| Publisher | HM Treasury |
| Date | 16 May 2025 |
| 300 ## - PHYSICAL DESCRIPTION | |
| Physical description | 62p. |
| 490 ## - SERIES TITLE | |
| Series statement | CP |
| Volume | 1328 |
| 520 ## - ABSTRACT | |
| Abstract | Responses by treasury and concerns about slow progress on cladding issues |
| 650 ## - KEYWORDS | |
| Keywords | BUILDING SAFETY ACT 2022 |
| 650 ## - KEYWORDS | |
| Keywords | CLADDING |
| 650 ## - KEYWORDS | |
| Keywords | BUILDING SAFETY |
| 651 ## - SUBJECT ADDED ENTRY--GEOGRAPHIC NAME | |
| Geographic name | United Kingdom |
| 690 ## - BROAD SUBJECT | |
| 9 (RLIN) | 6222 |
| Broad subject | Building control |
| 690 ## - BROAD SUBJECT | |
| 9 (RLIN) | 6223 |
| Broad subject | Building materials & defects |
| 856 ## - ONLINE RESOURCE | |
| Uniform Resource Identifier | <a href="https://assets.publishing.service.gov.uk/media/682474aeb296b83ad5262ec5/Government_Response_to_the_Committee_of_Public_Accounts_on_the_Fifth_and_the_Tenth_to_the_Seventeenth_reports_from_Session_2024-25_-_Treasury_Minutes_WEB.pdf#page=50">https://assets.publishing.service.gov.uk/media/682474aeb296b83ad5262ec5/Government_Response_to_the_Committee_of_Public_Accounts_on_the_Fifth_and_the_Tenth_to_the_Seventeenth_reports_from_Session_2024-25_-_Treasury_Minutes_WEB.pdf#page=50</a> |
| Public note | Available on UK Parliament website |
| 942 ## - ADDED ENTRY ELEMENTS (KOHA) | |
| Suppress in OPAC | Do not suppress in OPAC |
| Lost status | Damaged status | Not for loan | Home library | Current library | Shelving location | Date acquired | Total Checkouts | Date last seen | Price effective from | Koha item type |
|---|---|---|---|---|---|---|---|---|---|---|
| Virtual | Virtual | Online | 16/05/2025 | 16/05/2025 | 16/05/2025 | Online material |